| 000 | 00572nam a2200193Ia 4500 | ||
|---|---|---|---|
| 003 | GCL | ||
| 008 | 140319s9999 xx 000 0 ara d | ||
| 040 |
_aGCL / _cGCL |
||
| 082 | 0 | 4 |
_a620 _bا م |
| 100 | 1 | _aاعضاء هيئة التدريس بقسم هندسة | |
| 245 | 1 | 0 |
_aمقدمة فى هندسة الانتاج / _cاعضاء هيئة التدريس بقسم هندسة |
| 260 |
_a[S.N] : _bدار المعارف |
||
| 300 | _a491 ص | ||
| 490 | _a | ||
| 650 | 0 | 4 | _aالهندسة |
| 650 | 0 | 4 | _aالمعادن |
| 650 | 0 | 4 | _aالاخشاب |
| 942 |
_2ddc _cBK |
||
| 999 |
_c52674 _d52674 |
||